LEADER 01282nam a2200277 i 4500 001 000000085701 003 CaOOAMICUS 005 20160606000000.0 008 160606s2015 it u000 u ita u 013 $a57941 020 $a978-88-11-68457-2 040 $aSeMil$bita 100 1 $aKasper, Walter,$c.$0(OLS)http://semarc/name/3462 245 10$aTestimone della misericordia :$bil mio viaggio con Francesco /$cWalter Kasper ; conversazioni con Raffaele Luise. 260 $aMilano :$bGarzanti,$c2015. 300 $a174 p. ;$c22 cm. 650 4$aKasper, Walter - Meditazioni.$0(OLS)http://semarc/subject/16289 650 4$aFrancesco I - Misericordia divina.$0(OLS)http://semarc/subject/16290 650 4$aGiubilei - 2015-2016.$0(OLS)http://semarc/subject/16291 700 1 $aLuise, Raffaele.$0(OLS)http://semarc/name/39664 850 $aSeMil 852 $aSeMil$W1$xVenegono$y1$m3A II 410$j233382$B49568$CSeMilBibl$Z2$F53300 $81 961 $aOmaggio: Bressan don Luca 996 $6020$a978-88-11-68457-2$9(OLS)http://semarc/number/66031 996 $6245$aTestimone della misericordia :$bil mio viaggio con Francesco$9(OLS)http://semarc/title/132193 996 $6260$aMilano :$bGarzanti$9(OLS)http://semarc/publisher/29852 LEADER 00965nam a2200229 i 4500 001 000000075078 003 CaOOAMICUS 005 20070625000000.0 008 070625s1989 xx u000 u mul u 013 $a46250 040 $aSeMil$bita 245 10$aLeopardi nella critica internazionale /$ca cura di Mario Santoro. 260 $aNapoli :$bFederico e Ardia,$c1989. 300 $a300 p. ;$c24 cm. 490 0 $aQuaderni di Esperienze letterarie ;$v1. 600 14$aLeopardi, Giacomo <1798-1837>.$0(OLS)http://semarc/subject/2752 700 1 $aSantoro, Mario,$d<1913-1989>.$0(OLS)http://semarc/name/15864 830 0$aQuaderni di Esperienze letterarie ;$v1.$0(OLS)http://semarc/title/401696 850 $aSeMil 852 $aSeMil$W1$xVenegono$y1$m1D VI 82$j1939$B41230$CSeMilBibl$Z2$F41234 $81 996 $6245$aLeopardi nella critica internazionale$9(OLS)http://semarc/title/121823 996 $6260$aNapoli :$bFederico e Ardia$9(OLS)http://semarc/publisher/34774